Online
Catalog

Los centros de innovación tecnológica : (Record no. 25616)

MARC details
000 -CABECERA
campo de control de longitud fija 00596nam a2200181 a 4500
001 - NÚMERO DE CONTROL
campo de control 000026124
005 - FECHA Y HORA DE LA ÚLTIMA TRANSACCIÓN
campo de control 20200930024325.0
008 - DATOS DE LONGITUD FIJA--INFORMACIÓN GENERAL
campo de control de longitud fija 110301s2000 pe r 000 0 spa d
020 ## - NÚMERO INTERNACIONAL ESTÁNDAR DEL LIBRO
Número Internacional Estándar del Libro 9972755649
040 ## - FUENTE DE LA CATALOGACIÓN
Centro catalogador/agencia de origen DO-SdBNP
Lengua de catalogación spa
Centro/agencia transcriptor BNPHU
082 ## - NÚMERO DE LA CLASIFICACIÓN DECIMAL DEWEY
Número de clasificación nnn
Número de documento/Ítem C397
049 ## - FONDOS LOCALES (OCLC)
Fondos de biblioteca BNGR
245 01 - MENCIÓN DE TÍTULO
Título Los centros de innovación tecnológica :
Resto del título ley y reglamento ; prólogo de Pablo Macera.
260 ## - PUBLICACIÓN, DISTRIBUCIÓN, ETC.
Lugar de publicación, distribución, etc. Lima, (Perú) :
Nombre del editor, distribuidor, etc. Fondo Editorial del Congreso del Perú,
Fecha de publicación, distribución, etc. 2000.
300 ## - DESCRIPCIÓN FÍSICA
Extensión 64, [2] p. ;
Dimensiones 17 cm.
500 ## - NOTA GENERAL
Nota general Ley de centros de innovación tecnológica.
700 1# - PUNTO DE ACCESO ADICIONAL--NOMBRE DE PERSONA
Nombre de persona Macera, Pablo
Término indicativo de función/relación pról.
9 (RLIN) 32097
Holdings
Estado de retiro Estado de pérdida Restricciones de uso No para préstamo Código de colección Localización permanente Ubicación/localización actual Ubicación en estantería Fecha de adquisición Número de inventario Total de préstamos Signatura topográfica completa Código de barras Fecha visto por última vez Precio válido a partir de Tipo de ítem Koha
        Monografías: Libros y Folletos General General En catalogación 01.03.2011 LF1   nnn C397 26124-10 25.06.2020 25.06.2020 Préstamo en sala

Powered by Koha